Statistics for Britain's Top 30 Chocolate Bars

Click here to take the quiz!

General Stats

  • This quiz has been taken 188 times
  • The average score is 12 of 30

Answer Stats

Answer% Correct
9Mars Bar
96%
1Snickers
85%
6Twix
77%
2Cadbury Dairy Milk
74%
4Bounty
68%
3Galaxy
68%
28Milky Way
66%
5Kit Kat
60%
11Crunchie
52%
10Flake
52%
15Double Decker
51%
7Twirl
49%
8Wispa
49%
29Aero
38%
16Cadbury Fruit and Nut
35%
17Milkybar
34%
25Picnic
33%
20Fry's Turkish Delight
29%
30Yorkie
29%
27Galaxy Caramel
18%
14Toblerone
18%
23Galaxy Ripple
17%
21Daim
15%
26Starbar
13%
22Cadbury Caramel
10%
13Kit Kat Chunky
8%
12Aero Mint
6%
19Lindor
5%
18Bourneville
4%
24Cadbury Fudge
1%

Score Distribution

Percentile by Number Answered

Percent of People with Each Score

Your Score History

You have not taken this quiz